Russkij slovar jazykovogo rasširenija

Na minha lista:
Detalhes bibliográficos
Outros Autores: Solženicyn, Aleksandr Isajevič
Formato: Livro
Idioma:russo
Publicado em: Moskva Russkij puť 2015
Edição:Vtoroje izdanije
Assuntos:
Tags: Adicionar Tag
Sem tags, seja o primeiro a adicionar uma tag!

MARC

LEADER 00000nam a2200000 4500
001 0283612
005 20240416113825.2
020 |a 978-5-85887-451-5 
041 0 |a rus 
044 |a RU 
245 1 0 |a Russkij slovar jazykovogo rasširenija  |c sostavil A. I. Solženicyn 
250 |a Vtoroje izdanije 
264 1 |a Moskva  |b Russkij puť  |c 2015 
300 |a 270 s. 
610 2 0 |a ruština 
610 2 0 |a jazyky cudzie 
610 2 0 |a jazykoveda 
610 2 0 |a terminológia 
610 2 0 |a zásoba slovná 
610 2 0 |a slovníky 
700 1 |a Solženicyn, Aleksandr Isajevič